Statistiques concernant Pokemon Electrique 1G

Cliquez ici pour prendre le quiz!

Statistiques générales

  • Ce quiz a été pris 32 fois
  • Le résultat moyen est 8 sur 9

Statistiques - réponses

Pokemon% Correct
25Pikachu
100%
26Raichu
100%
100Voltorbe
94%
101Electrode
94%
125Elektek
94%
145Electhor
94%
135Voltali
90%
81Magnéti
84%
82Magnéton
84%

Distribution des résultats

Percentile par nombre de réponses

% des personnes avec chaque résultat

Votre développement - résultats

Vous n’avez pas pris ce quiz